000 00704nam a2200253Ia 4500
003 OSt
005 20220918224959.0
006 a|||||r|||| 00| 0
007 ta
008 220917b |||||||| |||| 00| 0 eng d
024 _a235,792
037 _cTextual
040 _aARTS
_cARTS
_beng
041 _2eng
_aeng
082 _aT4:3t3:N61, K4;1
110 _aReport of the committee on
_9149306
245 0 _aReport
_b University teaching methods
260 _aLondon
_bHer Majesty's Stationery Office
_c1964
300 _a172p
_ccm.
650 _aEDUCATION
700 _aReport of the committee on
_9149307
942 _hT4:3t3:N61, K4;1
_cTEXL
_2CC
999 _c282890
_d282890